Statistics for Lord of the Rings book quiz (Hard)

Click here to take the quiz!

General Stats

  • This quiz has been taken 116 times
  • The average score is 19 of 32

Answer Stats

HintAnswer% Correct
Author of the Lord of the RingsJ.R.R. Tolkien
100%
Mountain where the One Ring must be destroyedMount Doom
96%
Frodo's best friendSamwise Gamgee
88%
Celebrates his 111th birthday at the beginning of the bookBilbo Baggins
82%
Grey wizard (later white)Gandalf
82%
Brown wizardRadagast
81%
White wizardSaruman
81%
The name Aragorn is known by in BreeStrider
80%
Elrond's daughterArwen
79%
Pippin's full namePeregrin Took
79%
Aragorn's fatherArathorn
74%
Where Aragorn was brought up after the death of his fatherRivendell
73%
Frodo's fatherDrogo Baggins
69%
The password to enter the West gate of MoriaMellon
68%
Father of the aboveHamfast "Gaffer" Gamgee
67%
Merry's full name
Meriadoc Brandybuck
67%
Lady Galadriel's husbandCeleborn
65%
Other names for the aboveOrodruin, Amon Amarth
55%
Land of the Valar (Gods) over the sea. Also where the Ring-bearers and remainder of the elves travel at the end of the bookValinor
54%
The Sindarin name for RivendellImladris
51%
Sindarin name for the Great RiverAnduin
49%
Friend of the four hobbits who does not leaves the Shire with themFredegar "Fatty" Bolger
46%
Other name for WeathertopAmon Sul
42%
Elrond's two sonsElladan and Elrohir
38%
Vast northwestern region of Middle-earth during the First age. It was mostly destroyed by the War of Wrath when Morgoth was destroyed in the year FA 587
Beleriand
36%
Pippin's fatherPaladin Took
33%
Where Frodo was brought up before moving in with Bilbo at Bag EndBrandy Hall, Buckland
32%
Daughter of Galadriel and wife of ElrondCelebrian
32%
Earlier names for Minas Tirith and Minas Morgul respectivelyMinas Anor and Minas Ithil
29%
Merry's fatherSaradoc Brandybuck
21%
Sindarin name for the black gate of MordorMorannon
16%
Tall, sheer-faced isle in the Great River between the hills Amon Hen and Amon LhawTol Brandir
13%

Score Distribution

Percentile by Number Answered

Percent of People with Each Score

Your Score History

You have not taken this quiz